Sports Quiz

Random Sports or Football Quiz

Gillingham FC players of the 1980s Quiz Stats

 Plays Quiz not verified by Sporcle

Challenge
Share
Tweet
Embed
Score 0/123 Timer 10:00
0 Plays Today
Position Name % Correct
FWTony Cascarino
99.2%
GKRon Hillyard
99.2%
MFDave Smith
96.2%
FWSteve Lovell
95.5%
DFSteve Bruce
94.7%
MFTerry Cochrane
94.7%
MFGary Smith
94.7%
MFMalcolm Smith
94.7%
DFGary West
93.9%
FWKen Price
93.2%
DFMicky Adams
92.4%
FWDave Shearer
92.4%
MFMark Weatherly
92.4%
MFDave Mehmet
90.9%
FWDamien Richardson
90.2%
DFMel Sage
90.2%
MFKarl Elsey
89.4%
FWTrevor Lee
89.4%
GKPhil Kite
87.9%
MFTrevor Quow
87.9%
MFGavin Peacock
87.1%
MFDick Tydeman
87.1%
MFDean White
87.1%
FWDanny Westwood
86.4%
DFColin Greenall
84.1%
MFHoward Pritchard
84.1%
MFJeff Johnson
83.3%
MFPeter Johnson
83.3%
DFCharlie Young
83.3%
GKHarvey Lim
82.6%
DFAlan Walker
81.8%
MFPhil Walker
81.8%
MFPat Walker
81.8%
FWMark Cooper
80.3%
DFAndy Ford
80.3%
FWDerek Hales
80.3%
MFMartin Robinson
79.5%
DFPeter Shaw
78.8%
DFGeorge Burley
78%
DFKeith Oakes
78%
MFTim O'Shea
78%
Position Name % Correct
DFPaul Haylock
77.3%
MFColin Powell
77.3%
GKGary Sutton
77.3%
DFBrian Clarke
76.5%
FWColin Clarke
76.5%
MFBilly Hughes
76.5%
DFJoe Hinnigan
75.8%
DFJohn Overton
75.8%
MFBilly Manuel
74.2%
MFMark O'Connor
74.2%
DFJohn Sharpe
74.2%
MFGeorge Shipley
74.2%
DFMark Stimson
74.2%
MFRussell Musker
73.5%
FWPeter Henderson
72%
FWPeter Heritage
72%
MFColin Duncan
71.2%
FWPeter Beadle
70.5%
MFPaul Collins
70.5%
DFRussell Norris
70.5%
DFGraham Pearce
70.5%
GKDavid Fry
69.7%
MFRichie Bowman
68.9%
MFTony Eeles
68.2%
FWMel Eves
68.2%
DFIrvin Gernon
68.2%
DFLee Palmer
68.2%
FWDale Tempest
68.2%
MFTony Pulis
67.4%
MFMike Trusson
67.4%
DFGary Armstrong
66.7%
DFLes Berry
66.7%
DFSteve Thompson
66.7%
MFJerry Williams
66.7%
FWPat Gavin
65.9%
FWJohn Leslie
65.2%
DFJohn Sitton
65.2%
FWGraham Westley
65.2%
DFIvan Haines
64.4%
MFJohn Crabbe
63.6%
FWPaul Shinners
63.6%
Position Name % Correct
MFTerry Nicholl
62.1%
GKMartin Hodge
61.4%
FWJason Lillis
61.4%
MFNeil Luff
61.4%
GKSeamus McDonagh
61.4%
FWTony Bottiglieri
60.6%
MFDavid Byrne
60.6%
FWColin Gordon
60.6%
FWNeil Grewcock
60.6%
MFPhil Handford
60.6%
FWDean Horrix
60.6%
FWDavid Kemp
60.6%
MFLindon Guscott
59.8%
DFRicky Pearson
59.8%
DFAlan Reeves
59.8%
GKMark Beeney
59.1%
FWFrancis Joseph
59.1%
DFIan Macowat
59.1%
DFDavid Rushbury
59.1%
MFDavid Tong
59.1%
MFIan Docker
58.3%
MFAndy Woodhead
58.3%
MFPhil Cavener
57.6%
MFGary Kimble
57.6%
GKTony Parks
57.6%
MFTarki Micallef
56.8%
MFMark Miller
56.8%
MFNigel Donn
56.1%
FWBilly Lansdowne
55.3%
DFSteve Walford
55.3%
DFAlen Scotting
54.5%
FWFrank Ovard
53.8%
FWKevin Lloyd
53%
DFBrendan Place
53%
FWPeter Foley
52.3%
MFAndy Perry
52.3%
DFBrian Sparrow
52.3%
MFSteve Jacobs
51.5%
DFWayne Stokes
51.5%
DFRay Daniel
50%
DFPaul Garner
48.5%

You're not logged in!

Compare scores with friends on all Sporcle quizzes.
Join for Free
OR
Log In

You Might Also Like...

Show Comments

Extras

Top Quizzes Today


Score Distribution

Your Account Isn't Verified!

In order to create a playlist on Sporcle, you need to verify the email address you used during registration. Go to your Sporcle Settings to finish the process.

Report this User

Report this user for behavior that violates our Community Guidelines.

Details: